| 000 -LEADER |
| fixed length control field |
00361cam a22001097a 4500 |
| 008 - FIXED-LENGTH DATA ELEMENTS--GENERAL INFORMATION |
| fixed length control field |
180718b1952 xxu||||| |||| 00| 0 eng d |
| 082 ## - DEWEY DECIMAL CLASSIFICATION NUMBER |
| Classification number |
R2203x5422 M264 |
| 245 ## - TITLE STATEMENT |
| Title |
Payment of wages act, 1936 |
| Statement of responsibility, etc. |
by Adaptation of laws Order, 1950 |
| 260 ## - PUBLICATION, DISTRIBUTION, ETC. |
| Place of publication, distribution, etc. |
Nagpur |
| Name of publisher, distributor, etc. |
Government of Madhya Pradesh |
| Date of publication, distribution, etc. |
1952 |
| 300 ## - PHYSICAL DESCRIPTION |
| Extent |
50p |
| 700 ## - ADDED ENTRY--PERSONAL NAME |
| Personal name |
Madhya Pradesh. Adaptation of laws Order, 1950 |